000 00324nam a2200121 i 4500
001 183642
003 ES-MaACL
005 20230906221935.0
008 140912s1888 sp |||| | spa d
245 0 0 _aNotable expediente sobre incapacidad mental.
260 _aLa Coruña :
_b[s.n.],
_c1888.
852 _aES-MaACL
_jT-1264-F-3
999 _c183642
_d183642